LEADER 03173nam 2200673 a 450 001 9910463103503321 005 20200520144314.0 010 $a0-8047-8825-1 024 7 $a10.1515/9780804788250 035 $a(CKB)2670000000335593 035 $a(EBL)1117241 035 $a(OCoLC)827208529 035 $a(SSID)ssj0000820437 035 $a(PQKBManifestationID)12314381 035 $a(PQKBTitleCode)TC0000820437 035 $a(PQKBWorkID)10863359 035 $a(PQKB)10735792 035 $a(MiAaPQ)EBC1117241 035 $a(DE-B1597)564542 035 $a(DE-B1597)9780804788250 035 $a(PPN)236069969 035 $a(Au-PeEL)EBL1117241 035 $a(CaPaEBR)ebr10651970 035 $a(OCoLC)1198930705 035 $a(EXLCZ)992670000000335593 100 $a20120521d2013 uy 0 101 0 $aeng 135 $aur|n|---||||| 181 $ctxt 182 $cc 183 $acr 200 10$aSpectacular speculation$b[electronic resource] $ethrills, the economy, and popular discourse /$fUrs Sta?heli ; translated by Eric Savoth 210 $aStanford, Calif. $cStanford University Press$d2013 215 $a1 online resource (312 p.) 300 $aTranslation of: Spektakula?re Spekulation : das Popula?re der O?konomie. 311 $a0-8047-7131-6 311 $a0-8047-7132-4 320 $aIncludes bibliographical references and index. 327 $aGambling and speculation : entertaining contingency? -- The normalization of "wild contingency" : stabilizing the distinction between gambling and speculation -- Charles Mackay : the spectacle of equality -- Speculative vistas : crowds and speculation in the USA during the nineteenth century -- Alone against the crowd : the communicative techniques of the contrarians -- The eroticism of the market and the gender of speculation -- The rhythm of the market. 330 $aSpectacular Speculation is a history and sociological analysis of the semantics of speculation from 1870 to 1930, when speculation began to assume enormous importance in popular culture. Informed by the work of Luhmann, Foucault, Simmel and Deleuze, it looks at how speculation was translated into popular knowledge and charts the discursive struggles of making speculation a legitimate economic practice. Noting that the vocabulary available to discuss the concept was not properly economic, the book reveals the underside of putting it into words. Speculation's success depended upon no 606 $aSpeculation$zUnited States$xHistory 606 $aSpeculation$xHistory 606 $aFinance$xSocial aspects$zUnited States$xHistory 606 $aFinance$xSocial aspects$xHistory 608 $aElectronic books. 615 0$aSpeculation$xHistory. 615 0$aSpeculation$xHistory. 615 0$aFinance$xSocial aspects$xHistory. 615 0$aFinance$xSocial aspects$xHistory. 676 $a332.64/5 700 $aSta?heli$b Urs$f1966-$01039185 701 $aSavoth$b Eric$01039186 801 0$bMiAaPQ 801 1$bMiAaPQ 801 2$bMiAaPQ 906 $aBOOK 912 $a9910463103503321 996 $aSpectacular speculation$92461232 997 $aUNINA LEADER 01266nam 2200421 450 001 9910824554603321 005 20230809232638.0 010 $a80-7308-860-6 035 $a(CKB)4100000009265973 035 $a(MiAaPQ)EBC5968483 035 $a(EXLCZ)994100000009265973 100 $a20191127d2017 uy 0 101 0 $acze 135 $aurcnu|||||||| 181 $ctxt$2rdacontent 182 $cc$2rdamedia 183 $acr$2rdacarrier 200 10$aProteticke v- v cestine /$fJan Chromy 210 1$aPraha :$cFilozoficka fakulta Univerzity Karlovy,$d2017. 215 $a1 online resource (286 pages) 225 1 $aTrivium 311 $a80-7308-717-0 410 0$aTrivium (Univerzita Karlova. Filozoficka? fakulta) 606 $aCzech language$xWord formation 606 $aCzech language$xPhonology 606 $aCzech language$xPhraseology$xProthesis 615 0$aCzech language$xWord formation. 615 0$aCzech language$xPhonology. 615 0$aCzech language$xPhraseology$xProthesis. 676 $a491.862 700 $aChromy?$b Jan$01168647 801 0$bMiAaPQ 801 1$bMiAaPQ 801 2$bMiAaPQ 906 $aBOOK 912 $a9910824554603321 996 $aProteticke v- v cestine$93994778 997 $aUNINA